000 01375cam a2200349 a 4500
001 2978461
003 ARRUPE
005 20141209140018.0
008 920828s1992 njuab b 001 0 eng
010 _a 92032977
020 _a0865433674
020 _a0865433682 (pbk.)
040 _aDLC
_cDLC
_dDLC
043 _af-ao---
_af-mz---
050 0 0 _aDT1402
_b.B57 1992
082 0 0 _a967.3/03
_220
100 1 _aBirmingham, David.
_913113
245 1 0 _aFrontline nationalism in Angola & Mozambique /
_cDavid Birmingham
260 _aTrenton, N.J. :
_bAfrica World Press, Inc.
_c1992.
300 _avi, 122 p. :
_bill., maps ;
_c23 cm.
504 _aIncludes bibliographical references (p. 116-117) and index.
650 0 _aNationalism
_zAngola
_xHistory
_y20th century.
_913114
650 0 _aNationalism
_zMozambique
_xHistory
_y20th century.
_913115
651 0 _aAngola
_xPolitics and government
_y1961-1975.
_913116
651 0 _aAngola
_xPolitics and government
_y1975-
_913117
651 0 _aMozambique
_xPolitics and government
_yTo 1975.
_913118
651 0 _aMozambique
_xPolitics and government
_y1975-1994.
_913119
740 0 _aFrontline nationalism in Angola and Mozambique.
906 _a7
_bcbc
_corignew
_d1
_eocip
_f19
_gy-gencatlg
942 _2lcc
_cMONOGRAPH
999 _c121408
_d121408